NUTRITION IN CLINICAL DENTISTRY (Record no. 3870)

MARC details
000 -LEADER
fixed length control field 00369nam a2200145Ia 4500
008 - FIXED-LENGTH DATA ELEMENTS--GENERAL INFORMATION
fixed length control field 150201s1989 xx 000 0 und d
082 ## - DEWEY DECIMAL CLASSIFICATION NUMBER
Classification number 617.6
Item number N1989N
100 ## - MAIN ENTRY--PERSONAL NAME
Personal name NIZEL
245 ## - TITLE STATEMENT
Title NUTRITION IN CLINICAL DENTISTRY
250 ## - EDITION STATEMENT
Edition statement 3RD
260 ## - PUBLICATION, DISTRIBUTION, ETC. (IMPRINT)
Name of publisher, distributor, etc. SAUNDERS
Place of publication, distribution, etc. PHILADELPHIA
Date of publication, distribution, etc. 1989
300 ## - PHYSICAL DESCRIPTION
Extent Jan-66
650 ## - SUBJECT ADDED ENTRY--TOPICAL TERM
Topical term or geographic name as entry element PREVENTIVE AND COMMUNITY DENTISTRY
942 ## - ADDED ENTRY ELEMENTS (KOHA)
Source of classification or shelving scheme Dewey Decimal Classification
Koha item type Books
Holdings
Withdrawn status Lost status Source of classification or shelving scheme Damaged status Not for loan Home library Current library Date acquired Source of acquisition Cost, normal purchase price Serial Enumeration / chronology SGTU Bill Number Total Checkouts Full call number Barcode Date last seen Bill Date Koha item type Date last checked out
    Dewey Decimal Classification     SGT Dental Library SGT Dental Library 16/01/2008 DELHI BOOK STORE (DELHI) 120.00 1 SGTU 1990   617.6 N1989N FD4813 09/02/2015 20/12/2012 Books  
    Dewey Decimal Classification     SGT Dental Library SGT Dental Library 16/01/2008 DELHI BOOK STORE (DELHI) 120.00 1 SGTU 1990 1 617.6 N1989N FD4814 05/10/2019 20/12/2012 Books 05/10/2019